Statistiques concernant Frontières de la Tanzanie

Cliquez ici pour prendre le quiz!

Statistiques générales

  • Ce quiz a été pris 4,108 fois
  • Le résultat moyen est 7 sur 8

Statistiques - réponses

Longueur Pays % Correct
769 kmKenya
97%
459 kmR. D. Congo
96%
756 kmMozambique
93%
217 kmRwanda
92%
338 kmZambie
90%
396 kmOuganda
89%
475 kmMalawi
87%
451 kmBurundi
86%

Distribution des résultats

Percentile par nombre de réponses

% des personnes avec chaque résultat

Votre développement - résultats

Vous n’avez pas pris ce quiz